Капитализъм без граници (Запис номер 332888)
[ съкратено ]
| 000 -Лидер | |
|---|---|
| Контролно поле с фиксирана дължина | nam a22 a 4500 |
| 003 - Код на организацията, давaща контролен номер | |
| Контролно поле | BLK |
| 005 - Дата и час на последна редакция | |
| Контролно поле | 20190715112049.0 |
| 008 - Елементи от данни с фиксирана дължина | |
| fixed length control field | 190712b bu ||||| |||| 00| 0 bu d |
| 020 ## - Международен стандартен номер на книга ISBN | |
| Международен стандартен номер на книга ISBN | 9789548585316 |
| 040 ## - Източник на каталожния запис | |
| Идентификатор на билиотеката - собственик на записа | BLK |
| 041 ## - Код за език | |
| Код за езика на текст/звукозапис или на отделно заглавие | Български |
| Код за езика КДБФ | Български |
| 080 ## - УДК | |
| Текстов определител УДК | Примитивни икономически системи, робовладелско, феодално, капиталистическо, комунистическо, свободно и контролирано стопанство |
| УДК код - определител по УДК | 330.342.1 |
| УДК - код + определител | 330.342.1 |
| 080 ## - УДК | |
| Текстов определител УДК | Икономическа политика. Стопанско ръководство. Управление на стопанство. Стопанско планиране. |
| УДК код - определител по УДК | 338.2 |
| УДК - код + определител | 338.2 |
| 100 1# - Редна дума - Автор | |
| R(LIN) | 395144 |
| Автор | Бърнстийн, Андрю |
| 139 ## - Редно поле | |
| Редна дума | Бърнстийн, Андрю |
| Авторски знак | Бър - Б 93 |
| 245 ## - Сведения за заглавието | |
| Заглавие | Капитализъм без граници |
| Подзаглавни данни | Безспорният морален казус за индижидуалните права |
| 260 ## - Област на издателските данни | |
| 9 (RLIN) | 212845 |
| Място на издаване, разпространение и проч. | София |
| Име на издателя, разпространителя и проч. | МаК |
| Година на издаване | 2012 |
| 300 ## - Физическа характеристика | |
| Страници | 240 с. |
| Размери/Мащаб | 21 см. |
| 380 ## - Жанр | |
| Жанр | Обществени науки |
| 650 #7 - Допълнително описание по предмет – тема | |
| 9 (RLIN) | 158227 |
| Основно описание – тема или топоним | Капитализъм |
| 650 #0 - Допълнително описание по предмет – тема | |
| 9 (RLIN) | 280240 |
| Основно описание – тема или топоним | Стопанска политика |
| 653 #7 - Ключова дума – ненормативна | |
| 9 (RLIN) | 188261 |
| Ключова дума | капитализъм |
| 653 #7 - Ключова дума – ненормативна | |
| 9 (RLIN) | 196982 |
| Ключова дума | социализъм |
| 653 #7 - Ключова дума – ненормативна | |
| 9 (RLIN) | 187398 |
| Ключова дума | изобретения |
| 700 ## - Други автори (авторска отговорност) | |
| 9 (RLIN) | 966 |
| Лично име | Братанова, Алина |
| Автороска отговорност (Описва отношението между автора и произведението) | прев. |
| 700 ## - Други автори (авторска отговорност) | |
| 9 (RLIN) | 1311 |
| Лично име | Манолов, Калин |
| Автороска отговорност (Описва отношението между автора и произведението) | ред. |
| 852 ## - Местоположение | |
| Форматна сигнатура | Цб 295807 |
| 999 ## - СИСТЕМНИ КОНТРОЛНИ НОМЕРА | |
| Koha biblionumber | 332888 |
| Koha biblioitemnumber | 332888 |
| 942 ## - АРТИКУЛИ | |
| Вид на библиотечния материал | Книги |
| Скрит в OPAC | Не |
| 944 ## - СЪЗДАВАНЕ И РЕДАКЦИЯ на ЗАПИСА | |
| Създаване/Редакция | Създаване |
| Дата на регистрацията/редакция | 2019-07-12 |
| Служител, извършил регистрацията/редакцията | А. Н. |
| Статус, дата на статуса | 2019-07-12 |
| 944 ## - СЪЗДАВАНЕ И РЕДАКЦИЯ на ЗАПИСА | |
| Създаване/Редакция | Създаване |
| Дата на регистрацията/редакция | 2019-07-15 |
| Служител, извършил регистрацията/редакцията | Кристиан Велковски |
| Статус, дата на статуса | 2019-07-15 |
| 999 ## - СИСТЕМНИ КОНТРОЛНИ НОМЕРА | |
| Koha biblioitemnumber | 332888 |
| 999 ## - СИСТЕМНИ КОНТРОЛНИ НОМЕРА | |
| Koha biblioitemnumber | 332888 |
| 999 ## - СИСТЕМНИ КОНТРОЛНИ НОМЕРА | |
| Koha biblioitemnumber | 332888 |
| Код за отписване | Код за изгубен артикул | Източник на класификационната схема | Код за повреда | Коз за рестрикции | Код за отдаване | Артикулен № | Име на библиотеката - собственик | Име на библиотеката, в която се намира в момента | Статус (Текущо местоположение) | Дата на вписване в системата | Местоположение - отдел | Цена в лева | Систематично азбучна сигнатура | Баркод | Цена в евро | Служебен тип на артикула |
|---|---|---|---|---|---|---|---|---|---|---|---|---|---|---|---|---|
| Не е изгубен | Universal Decimal Classification | Не е повреден | без рестрикции | ползва се в читалня | 730638 | Регионална библиотека "Любен Каравелов" Русе | Регионална библиотека "Любен Каравелов" Русе | Хранилище | 2019-07-16 | Основен фонд - ползва се само за читалня | 12.00 | Цб 295807 | 120000834289 | 6.14 | Книги |